Evaluación del efecto de algunas de las variables más importantes que influyen en el proceso de clarificación de meladura por flotación

Guardado en:
Bibliografiske detaljer
Hovedforfatter: Astua Azofeifa, Yilania
Format: Bog
Udgivet: San José, C.R. 1997
Fag:
Tags: Tilføj Tag
Ingen Tags, Vær først til at tagge denne postø!

MARC

LEADER 00000nam a2200000Ia 4500
003 008394
005 20221231144224.0
008 140114s1997 cr a m 000 ||s d
040 |c cru CEDI 
090 |a TFG 3797 
100 |a Astua Azofeifa, Yilania  |9 9091 
245 |a Evaluación del efecto de algunas de las variables más importantes que influyen en el proceso de clarificación de meladura por flotación 
260 |c 1997  |a  San José, C.R. 
300 |a  vii, 71 hojas : ilustraciones (algunas a color)  
500 |a  Proyecto de graduación (licenciatura en ingeniería química)--Universidad de Costa Rica. Facultad de Ingeniería. Escuela de Ingeniería Química 
650 |x INDUSTRIA AZUCARERA - COSTA RICA  |9 9092 
942 |c TFG 
999 |c 18671  |d 18671